Művelődő közösségek bemutatása a XVI. kerületben

Bibliográfiai részletek
Szerző: Sütő Vanda Ivett
További közreműködők: Benkei-Kovács Dr. Balázs
Dokumentumtípus: Diplomadolgozat
Kulcsszavak:klubok
kultúrális intézmény
művelődő közösségek
nyugdíjasok
XVI.kerület
Online Access:http://dolgozattar.uni-bge.hu/59600

MARC

LEADER 00000nta a2200000 i 4500
001 dolg59600
005 20260409145302.0
008 260409suuuu hu om 000 hun d
040 |a BGE Dolgozattár Repozitórium  |b hun 
041 |a hu 
100 1 |a Sütő Vanda Ivett 
245 1 0 |a Művelődő közösségek bemutatása a XVI. kerületben  |c Sütő Vanda Ivett  |h [elektronikus dokumentum] 
520 3 |a Szakdolgozatomban a Budapest XVI. kerületében működő művelődő közösségeket mutatom be, különös tekintettel az idősebb korosztály számára elérhető lehetőségekre. Kutatásom fő kérdései a következők: milyen motivációk és értékek vezetik az idősebbeket a közösségekhez való csatlakozásban; hogyan befolyásolja a közösségi részvétel életminőségüket, társas kapcsolataikat, valamint mentális és érzelmi jólétüket; továbbá milyen személyes és közösségi tényezők támogatják az aktív, hosszú távú részvételt. Vizsgálom továbbá a közösségi alkalmak felépítését, célrendszerét, illetve kapcsolatukat az intézményi háttérrel és a kulturális támogatórendszerekkel.A kutatáshoz kvalitatív módszertani megközelítést alkalmaztam, amely lehetővé tette a vizsgált jelenségek mélyebb, kontextusba ágyazott megértését. Az adatgyűjtés során interjúkat készítettem három művelődő közösség aktív tagjaival és vezetőivel, hogy mind a résztvevők, mind a vezetők nézőpontját megismerjem. E közösségek közös jellemzője, hogy nemcsak a szabadidő értékes eltöltésére kínálnak lehetőséget, hanem a társas kapcsolatok ápolására, az érzelmi támogatás biztosítására és az önkifejezés elősegítésére is. Ezek a közösségek hozzájárulnak a szellemi és fizikai frissesség megőrzéséhez, miközben olyan közösségi élményt nyújtanak, amely az összetartozás és a megbecsültség érzését erősíti.Dolgozatom célja, hogy átfogóbb képet adjon a kerület idősebb lakosai számára kínált közösségi lehetőségekről és azok hatásáról. 
695 |a klubok 
695 |a kultúrális intézmény 
695 |a művelődő közösségek 
695 |a nyugdíjasok 
695 |a XVI.kerület 
700 1 |a Benkei-Kovács Dr. Balázs  |e ths 
856 4 0 |u http://dolgozattar.uni-bge.hu/59600/1/S%C3%BCt%C5%91%20Vanda%20Szakdolgozat%20-%20M%C5%B1vel%C5%91d%C5%91%20k%C3%B6z%C3%B6ss%C3%A9gek%20bemutat%C3%A1sa%20a%20XVI.%20ker%C3%BCletben.pdf  |z Dokumentum-elérés 
856 4 0 |u http://dolgozattar.uni-bge.hu/59600/2/BKB_S%C3%BCt%C5%91%20Vanda%20Ivett_KSZ%20%C3%A9s%20MH%20b%C3%ADr%C3%A1lati%20lap%202025.pdf  |z Dokumentum-elérés 
856 4 0 |u http://dolgozattar.uni-bge.hu/59600/3/S%C3%BCt%C5%91%20Vanda%20b%C3%ADr%C3%A1lati%20lap%202025.pdf  |z Dokumentum-elérés